| 000 | 01115cam a2200253 i 4500 | ||
|---|---|---|---|
| 003 | SA-RiAUC | ||
| 005 | 20241119122804.0 | ||
| 008 | 241119s1997 le g 000 0 ara c | ||
| 040 |
_aSA-RiAUC _bara _cSA-RiAUC _erda |
||
| 082 | 0 | 4 | _a252.2 |
| 090 |
_a252.2 _b م ا ز |
||
| 100 | 1 |
_aالمازري، محمد بن علي بن عمر، _d453-536 هجري _eمؤلف. |
|
| 245 | 1 | 0 |
_aشرح التلقين : _bالصلاة ومقدماتها / _cأبي عبد الله محمد بن علي بن عمر التميمي المازري ؛ تحقيق محمد المختار السلامي. |
| 264 | 1 |
_aبيروت : _bدار الغرب الإسلامي، _c1997 |
|
| 300 |
_a3 مجلد ؛ _c24 سم |
||
| 336 |
_aنص _btxt _2rdacontent _3كتاب |
||
| 337 |
_aبدون وسيط _bn _2rdamedia |
||
| 338 |
_aمجلد _bnc _2rdacarrier |
||
| 590 | _a2e exemplaire est reçu le 22/03/99 de (268) F : 1710-67 (120.00 usd). | ||
| 650 | 7 |
_aالصلاة (إسلام) _2aucsh |
|
| 700 | 1 |
_aالسلامي، محمد المختار، _d1925- _eمحقق. |
|
| 942 |
_2ddc _cBOOK _n0 |
||
| 949 |
_aSA-JeALM _d241119 _umohamedma123 _n1 |
||
| 999 |
_c2517 _d2517 |
||